000 00561nam a22001817a 4500
005 20241118203559.0
008 241118b |||||||| |||| 00| 0 eng d
020 _a9780131877061
050 _aQA276
_b.M429
100 _aMendenhall, William
245 _aStatistics/
_bfor engineering and the sciences
_cWilliam Mendenhall & Terry Sincich
250 _a5th Ed.
260 _aUpper Saddle River, New Jersey
_bPearson Prentice Hall
_c2007
300 _axii.1060p.
_bill.
_c26cm
650 _2Statistics
700 _aSincich, Terry
942 _2lcc
_cBK
_e5th Ed.
_n0
999 _c1333
_d1333